[Event "4NCL Division 3 South"]
[Site "Maidenhead, ENG"]
[Date "2022.02.13"]
[Round "4.134"]
[White "Jones, Robert L"]
[Black "Rigby, Charles"]
[Result "1-0"]
[WhiteElo "1686"]
[BlackElo "1520"]
[PlyCount "91"]
[EventDate "2022.02.13"]
[WhiteTeam "Iceni 3"]
[BlackTeam "Celtic Tigers 3"]

1. e4 c6 2. Nf3 d5 3. Nc3 dxe4 4. Nxe4 Nf6 5. Qe2 e6 6. d4 h6 7. Bf4 Be7 8. c3
b6 9. Nxf6+ Bxf6 10. Qe4 Qd5 11. Qe3 Ba6 12. Bxa6 Nxa6 13. O-O Bd8 14. Ne5 Bc7
15. c4 Qd8 16. Nxc6 Qc8 17. Bxc7 Qxc7 18. d5 O-O 19. Rac1 Rfe8 20. Qf3 Nb8 21.
Nd4 exd5 22. Nb5 Qd7 23. Qxd5 Rc8 24. Qxd7 Nxd7 25. Rfd1 Rd8 26. b4 Ne5 27.
Rxd8+ Rxd8 28. Kf1 a6 29. Nc7 a5 30. bxa5 bxa5 31. f4 Nd3 32. Rd1 Rd4 33. g3
Rxc4 34. Nd5 Rc1 35. Ke2 Rxd1 36. Kxd1 f5 37. Ne7+ Kf7 38. Nxf5 Kf6 39. Nd4 g5
40. Kc2 Nc5 41. Kc3 Nb7 42. Kc4 gxf4 43. gxf4 Ke7 44. Kb5 Kd7 45. Kb6 Nd6 46.
Kxa5 1-0

[Event "4NCL Division 3 South"]
[Site "Maidenhead, ENG"]
[Date "2022.02.13"]
[Round "4.135"]
[White "Turner, Jeremy"]
[Black "Kent, Rowan"]
[Result "1-0"]
[WhiteElo "1370"]
[BlackElo "1512"]
[PlyCount "69"]
[EventDate "2022.02.13"]
[WhiteTeam "Celtic Tigers 3"]
[BlackTeam "Iceni 3"]

1. c4 e5 2. g3 Bc5 3. Bg2 c6 4. Nc3 d6 5. e3 Be6 6. d4 exd4 7. exd4 Bb4 8. Qb3
Bxc3+ 9. Qxc3 Nf6 10. d5 cxd5 11. cxd5 Bf5 12. Ne2 Nbd7 13. O-O O-O 14. Bf4 Nc5
15. Rfd1 Rc8 16. Qd4 Re8 17. Nc3 Nce4 18. Bxe4 Nxe4 19. Nxe4 Bxe4 20. Qxa7 Bf3
21. Rd2 Qd7 22. Qa3 Qg4 23. Rd3 Be2 24. Re1 Bxd3 25. Rxe8+ Rxe8 26. Qxd3 Qg6
27. Qa3 Re1+ 28. Kg2 Qe4+ 29. Kh3 g5 30. Qa8+ Kg7 31. Be3 Rg1 32. Qc8 Qf3 33.
Bd4+ Kg6 34. Qg8+ Kf5 35. Qxh7# 1-0

[Event "4NCL Division 3 South"]
[Site "Maidenhead, ENG"]
[Date "2022.02.13"]
[Round "4.136"]
[White "Hartshorn, Harry"]
[Black "Osseiran, Nadim"]
[Result "1-0"]
[WhiteElo "1278"]
[BlackElo "1169"]
[PlyCount "137"]
[EventDate "2022.02.13"]
[WhiteTeam "Iceni 3"]
[BlackTeam "Celtic Tigers 3"]

1. d4 f5 2. c4 Nf6 3. Nc3 e6 4. Bf4 Bb4 5. Nf3 Bxc3+ 6. bxc3 b6 7. e3 O-O 8. g3
Bb7 9. Bg2 d6 10. Bg5 Nbd7 11. O-O Qe8 12. Bxf6 Nxf6 13. Re1 c5 14. Qc2 Qh5 15.
Nh4 Bxg2 16. Nxg2 Ng4 17. h4 e5 18. Re2 e4 19. Nf4 Qf7 20. Qb3 Qf6 21. a4 g5
22. hxg5 Qxg5 23. Kg2 Rf6 24. Rh1 Rh6 25. Ree1 Rxh1 26. Rxh1 Nf6 27. Qd1 Qg4
28. Qxg4+ Nxg4 29. Ne6 Nf6 30. Ra1 Kf7 31. Ng5+ Kg6 32. Ne6 h5 33. a5 Kf7 34.
Nf4 bxa5 35. Rxa5 a6 36. Kh3 Ng4 37. Kg2 Nf6 38. dxc5 dxc5 39. Rxc5 a5 40. Rc7+
Ke8 41. Rb7 Nd7 42. Rb1 a4 43. Nxh5 Nc5 44. Ra1 a3 45. Ra2 Nd3 46. Nf6+ Kf7 47.
Nd5 Nc1 48. Ra1 a2 49. Nb4 Nd3 50. Rxa2 Rxa2 51. Nxa2 Nc5 52. f3 Kf6 53. Nb4
exf3+ 54. Kxf3 Ke5 55. Nc6+ Kd6 56. Nd4 Ke5 57. Ne2 Nd3 58. Nf4 Nc5 59. Ng6+
Kf6 60. Nh4 Ne6 61. e4 fxe4+ 62. Kxe4 Ng5+ 63. Kd5 Ke7 64. g4 Kd7 65. Nf5 Nf7
66. c5 Kc7 67. Nd4 Ng5 68. Ne6+ Nxe6 69. Kxe6 1-0

[Event "4NCL Division 3 South"]
[Site "Maidenhead, ENG"]
[Date "2022.02.13"]
[Round "4.141"]
[White "Agnihotri, Akaash"]
[Black "Duckers, Harvey L"]
[Result "0-1"]
[WhiteElo "1495"]
[BlackElo "1824"]
[PlyCount "78"]
[EventDate "2022.02.13"]
[WhiteTeam "Barnet Knights D"]
[BlackTeam "Crowthorne B"]

1. e4 c5 2. Nf3 e6 3. d3 Nc6 4. g3 d5 5. Nbd2 Nf6 6. e5 Nd7 7. Qe2 Qc7 8. Bg2
Ndxe5 9. O-O Nxf3+ 10. Nxf3 Bd6 11. b3 O-O 12. Bb2 f6 13. Rfe1 Bd7 14. h3 Rae8
15. Qd2 e5 16. Nh2 Be6 17. c3 f5 18. d4 cxd4 19. cxd4 e4 20. Nf1 Kh8 21. a4 Qe7
22. Bc3 Qf6 23. b4 Ne7 24. b5 Bg8 25. Bb4 f4 26. Bxd6 Qxd6 27. g4 Ng6 28. a5 f3
29. Bh1 Nf4 30. Ng3 Nxh3+ 31. Kf1 Qg6 32. Re3 Qxg4 33. Ke1 h5 34. Nf1 Qg1 35.
Kd1 Qxf1+ 36. Re1 Qxf2 37. Qb4 Rc8 38. Qb3 Qxd4+ 39. Qd3 Qxd3# 0-1

[Event "4NCL Division 3 South"]
[Site "Maidenhead, ENG"]
[Date "2022.02.13"]
[Round "4.142"]
[White "Leadbetter, Scott"]
[Black "Pang, Ethan"]
[Result "1-0"]
[WhiteElo "1613"]
[BlackElo "1272"]
[PlyCount "103"]
[EventDate "2022.02.13"]
[WhiteTeam "Crowthorne B"]
[BlackTeam "Barnet Knights D"]

1. f4 d5 2. Nf3 Nc6 3. e3 Bg4 4. Be2 f5 5. Ng5 Bxe2 6. Qxe2 Nf6 7. Ne6 Qd6 8.
Nxf8 Rxf8 9. b3 a6 10. Bb2 Nb4 11. d3 c5 12. a3 Nc6 13. Nd2 e6 14. Nf3 d4 15.
O-O dxe3 16. Ne5 Nd4 17. Bxd4 cxd4 18. Qf3 Qd5 19. Qg3 g6 20. c4 Qd6 21. Qf3
Rb8 22. b4 Nd7 23. Nxd7 Kxd7 24. Qh3 Rf7 25. Qf3 Qc6 26. Qd1 b6 27. Qb3 Rg7 28.
b5 Qa8 29. Qb2 Ke7 30. Qxd4 Kf7 31. Qxe3 g5 32. Rfe1 gxf4 33. Qxe6+ Kf8 34.
Qxf5+ Kg8 35. Ra2 f3 36. g3 Kh8 37. Rf1 Rf8 38. Qe5 Qc8 39. Rxf3 Re8 40. Qf5
Qd8 41. bxa6 h6 42. Qf6 Qa8 43. Qxh6+ Kg8 44. Qf6 Qc8 45. Qf5 Qxa6 46. Qd5+ Kh8
47. Qh5+ Kg8 48. Qxe8+ Kh7 49. Rf8 Kh6 50. Rh8+ Kg5 51. Rh5+ Kf6 52. Rf2# 1-0

[Event "4NCL Division 3 South"]
[Site "Maidenhead, ENG"]
[Date "2022.02.13"]
[Round "4.143"]
[White "Page, Thomas"]
[Black "Shek, Daniel"]
[Result "0-1"]
[WhiteElo "1317"]
[BlackElo "1552"]
[PlyCount "128"]
[EventDate "2022.02.13"]
[WhiteTeam "Barnet Knights D"]
[BlackTeam "Crowthorne B"]

1. d4 Nf6 2. c4 c5 3. d5 e6 4. Nc3 exd5 5. Nxd5 Nxd5 6. Qxd5 Nc6 7. a3 d6 8.
Nf3 Be6 9. Qd3 Ne5 10. Nxe5 dxe5 11. Bd2 Qxd3 12. exd3 Bd6 13. Bc3 f6 14. g3
Kf7 15. Bg2 Rab8 16. O-O-O b5 17. b4 cxb4 18. axb4 bxc4 19. b5 Ba3+ 20. Kc2
cxd3+ 21. Rxd3 Bf5 22. Bd5+ Ke7 23. Kb3 Rxb5+ 24. Kxa3 Bxd3 25. Bb4+ Kd7 26.
Bb3 Kc7 27. Ba4 Rd5 28. Rc1+ Kb8 29. Bc6 Rd4 30. Ba4 Rc8 31. Re1 Rcc4 32. Bb5
Rxb4 33. Bxd3 Rb6 34. Bxh7 a5 35. f4 exf4 36. gxf4 Rxf4 37. Re8+ Kc7 38. Re7+
Kd6 39. Rxg7 Rf1 40. Ka2 Rf2+ 41. Ka3 Rxh2 42. Rf7 Kc5 43. Ra7 Rh3+ 44. Ka2 Kb4
45. Bg8 Ka4 46. Ka1 Ra3+ 47. Ba2 Re6 48. Rb7 Re1+ 49. Rb1 Rxb1+ 50. Kxb1 f5 51.
Bd5 f4 52. Kc2 f3 53. Kd2 Kb4 54. Ke1 Rc3 55. Kf2 a4 56. Bg8 a3 57. Be6 a2 58.
Bxa2 Rc2+ 59. Kxf3 Rxa2 60. Ke3 Ra4 61. Kd4 Ra8 62. Kd5 Rc8 63. Kd4 Rc4+ 64.
Ke5 Kc5 0-1

[Event "4NCL Division 3 South"]
[Site "Maidenhead, ENG"]
[Date "2022.02.13"]
[Round "4.144"]
[White "Haslehurst, Harriet"]
[Black "Rowland, Benjamin"]
[Result "1-0"]
[WhiteElo "1505"]
[BlackElo "1265"]
[PlyCount "97"]
[EventDate "2022.02.13"]
[WhiteTeam "Crowthorne B"]
[BlackTeam "Barnet Knights D"]

1. d4 Nf6 2. Nf3 d5 3. Nbd2 Bf5 4. c4 e6 5. g3 Nc6 6. a3 g6 7. Bg2 Bg7 8. O-O
O-O 9. Re1 Na5 10. c5 b6 11. b4 Nc6 12. Nb3 Qd7 13. Bf4 Nh5 14. Bg5 f6 15. Bc1
e5 16. dxe5 Be4 17. g4 fxe5 18. gxh5 Bxf3 19. Bxf3 e4 20. Qxd5+ Kh8 21. Ra2
exf3 22. Qxc6 fxe2 23. Raxe2 Qf7 24. Qe6 Qf3 25. Nd2 Qxh5 26. Ne4 Rae8 27. Qd7
Be5 28. h3 Qf3 29. Qg4 Qf7 30. cxb6 cxb6 31. Bb2 Bxb2 32. Rxb2 Qf4 33. Qxf4
Rxf4 34. Rbe2 Rd8 35. Ng5 Rd7 36. Re8+ Kg7 37. Ne6+ Kh6 38. Nxf4 Rf7 39. Ng2
Rf3 40. R1e3 Rf7 41. R8e7 Rf6 42. Rxa7 b5 43. Ree7 Kg5 44. Rxh7 Rb6 45. f4+ Kf5
46. Raf7+ Ke4 47. Rd7 Kf3 48. Rhe7 Kg3 49. Rd3# 1-0

[Event "4NCL Division 3 South"]
[Site "Maidenhead, ENG"]
[Date "2022.02.13"]
[Round "4.145"]
[White "Sanfey, Peter"]
[Black "Coates, Christine"]
[Result "0-1"]
[WhiteElo "1265"]
[BlackElo "1330"]
[PlyCount "109"]
[EventDate "2022.02.13"]
[WhiteTeam "Barnet Knights D"]
[BlackTeam "Crowthorne B"]

1. e4 d5 2. exd5 Qxd5 3. Nc3 Qd6 4. Nf3 Nf6 5. Bc4 Bg4 6. O-O e6 7. d4 Be7 8.
Nb5 Qb6 9. Bf4 Na6 10. d5 O-O-O 11. Be3 Bc5 12. Qe2 Nxd5 13. Bxc5 Qxc5 14. Rad1
c6 15. Bxd5 exd5 16. Nbd4 Nc7 17. h3 Bh5 18. g4 Bg6 19. Ne5 Rhe8 20. Rfe1 f6
21. Ndf3 fxe5 22. Nxe5 Qxc2 23. Rd2 Qa4 24. b3 Qb5 25. Qe3 Qb6 26. Qg5 c5 27.
Red1 Qf6 28. Qxf6 gxf6 29. Nd3 Bxd3 30. Rxd3 d4 31. f4 Nd5 32. Rf3 Re3 33. Kf2
Rxf3+ 34. Kxf3 Re8 35. g5 fxg5 36. fxg5 Re3+ 37. Kg4 Ne7 38. h4 Kd7 39. h5 Ke8
40. Kf4 Kf7 41. Rg1 Re6 42. Rg3 Rd6 43. Ke4 d3 44. g6+ Nxg6 45. hxg6+ hxg6 46.
Rxd3 Rxd3 47. Kxd3 Kf6 48. Ke4 Kg5 49. Kd5 b6 50. b4 cxb4 51. Kc4 Kf4 52. Kd3
Kf3 53. Kd2 Kf2 54. Kd3 g5 55. Ke4 0-1

[Event "4NCL Division 3 South"]
[Site "Maidenhead, ENG"]
[Date "2022.02.13"]
[Round "4.146"]
[White "Talbot, James"]
[Black "Pradhan, Ayan"]
[Result "0-1"]
[WhiteElo "1200"]
[BlackElo "1021"]
[PlyCount "90"]
[EventDate "2022.02.13"]
[WhiteTeam "Crowthorne B"]
[BlackTeam "Barnet Knights D"]

1. e4 e6 2. d4 d5 3. Nc3 Nf6 4. e5 Nfd7 5. f4 c5 6. Nf3 Nc6 7. Be3 a6 8. Qd2 b5
9. a3 Qb6 10. Na2 cxd4 11. Nxd4 Bc5 12. c3 Bb7 13. b4 Bxd4 14. cxd4 Rc8 15. Nc1
Ne7 16. Nd3 Nf5 17. Bf2 h6 18. Nc5 Nxc5 19. dxc5 Qd8 20. Bd3 Ne7 21. O-O d4 22.
Rfd1 Bc6 23. Bc2 Qd5 24. Bxd4 g5 25. Be3 gxf4 26. Bxf4 Rd8 27. Qf2 Qc4 28.
Rxd8+ Kxd8 29. Qd2+ Kc7 30. Qd6+ Kc8 31. Qd2 Rd8 32. Qf2 Rh8 33. Bg3 Rf8 34.
Bh4 Nd5 35. Bg3 Qc3 36. Ra2 Ne3 37. Bh7 Bxg2 38. Re2 Nd5 39. Qxg2 Qxa3 40. Be1
Kc7 41. Ra2 Qe3+ 42. Rf2 Qxe1+ 43. Rf1 Qe3+ 44. Kh1 Qxe5 45. Qg7 Qxg7 0-1

[Event "4NCL Division 3 South"]
[Site "Maidenhead, ENG"]
[Date "2022.02.13"]
[Round "4.151"]
[White "Vig, Sanjay"]
[Black "Foster, Brian E"]
[Result "1-0"]
[WhiteElo "1562"]
[BlackElo "1766"]
[PlyCount "134"]
[EventDate "2022.02.13"]
[WhiteTeam "Watford B"]
[BlackTeam "Uxbridge"]

1. e4 c5 2. Nc3 d6 3. Bc4 Nc6 4. d3 e6 5. f4 Na5 6. Bb3 Bd7 7. Nf3 Be7 8. O-O
Bc6 9. Qe1 Nf6 10. Qg3 g6 11. Bd2 Nxb3 12. axb3 Bf8 13. Nd1 Bg7 14. c4 O-O 15.
Nc3 a6 16. Qh4 Nh5 17. Qh3 Bd7 18. g4 Nf6 19. f5 exf5 20. gxf5 Nh5 21. Nd5 Bxb2
22. Ra2 Bg7 23. Bg5 f6 24. Be3 Bc6 25. Rg2 Be8 26. Kh1 g5 27. Rfg1 h6 28. Qg4
Kh7 29. h4 Rg8 30. Qh3 Bf7 31. hxg5 fxg5 32. Rxg5 Qf8 33. f6 Nxf6 34. Qf5+ Kh8
35. Nxf6 Bxf6 36. Qxf6+ Kh7 37. Rxg8 Bxg8 38. Qg6+ Kh8 39. Rg3 Bh7 40. Qxh6
Qxh6+ 41. Bxh6 Rg8 42. Ng5 Rg6 43. Bf8 Kg8 44. Be7 Kg7 45. Kg2 Bg8 46. Kf3 b5
47. Kf4 Bf7 48. Rh3 Bg8 49. e5 dxe5+ 50. Kxe5 bxc4 51. bxc4 a5 52. Kf5 Rh6 53.
Bf8+ Kxf8 54. Rxh6 Ke7 55. Ke5 Kd7 56. Rh8 Bxc4 57. dxc4 Kc6 58. Rh6+ Kb7 59.
Ne4 Ka7 60. Kd5 a4 61. Kxc5 a3 62. Nc3 Kb7 63. Kb5 Kc7 64. c5 Kd7 65. c6+ Kc7
66. Nd5+ Kb8 67. Kb6 a2 1-0

[Event "4NCL Division 3 South"]
[Site "Maidenhead, ENG"]
[Date "2022.02.13"]
[Round "4.152"]
[White "Barseghyan, Gregory"]
[Black "Hylands, Keith"]
[Result "0-1"]
[WhiteElo "1597"]
[BlackElo "1374"]
[PlyCount "76"]
[EventDate "2022.02.13"]
[WhiteTeam "Uxbridge"]
[BlackTeam "Watford B"]

1. d4 Nf6 2. c4 e6 3. Nf3 Bb4+ 4. Bd2 Bxd2+ 5. Qxd2 O-O 6. Nc3 b6 7. e4 Bb7 8.
Bd3 d6 9. Rc1 Nc6 10. O-O e5 11. d5 Ne7 12. b4 Ng6 13. Ne2 Bc8 14. Ne1 Ne8 15.
Ng3 Nf4 16. c5 Nxd3 17. Qxd3 g6 18. cxd6 cxd6 19. Nc2 Bb7 20. b5 Nc7 21. Rb1
Qe7 22. a4 Rfb8 23. Nb4 Qd8 24. Nc6 Bxc6 25. dxc6 Ne6 26. Ne2 Nc5 27. Qc4 Qc7
28. Nc3 Qe7 29. Rfd1 Rc8 30. Rd2 Ne6 31. Rbd1 Nd4 32. Ne2 Nxe2+ 33. Qxe2 Rd8
34. Rd5 a6 35. Qe3 axb5 36. axb5 Ra7 37. Rxd6 Qxd6 38. Rxd6 Rxd6 0-1

[Event "4NCL Division 3 South"]
[Site "Maidenhead, ENG"]
[Date "2022.02.13"]
[Round "4.153"]
[White "Keerthi Kumar, Advait"]
[Black "Gauri, Dhairye"]
[Result "0-1"]
[WhiteElo "1070"]
[BlackElo "1485"]
[PlyCount "56"]
[EventDate "2022.02.13"]
[WhiteTeam "Watford B"]
[BlackTeam "Uxbridge"]

1. e4 e5 2. Nf3 Nc6 3. Bc4 Be7 4. d3 d6 5. Be3 Bg4 6. Nbd2 Nf6 7. O-O O-O 8. c3
d5 9. exd5 Nxd5 10. Qc2 a6 11. h3 Bf5 12. Bxd5 Qxd5 13. Ne4 Bg6 14. Rad1 f5 15.
Neg5 h6 16. Nh4 Bh5 17. Ngf3 Bxh4 18. Nxh4 Bxd1 19. Rxd1 f4 20. Bc1 Rad8 21.
Rd2 Qxa2 22. Qd1 Qe6 23. Nf3 Rf6 24. Re2 e4 25. Qe1 Rg6 26. Rxe4 Qxh3 27. Re8+
Kh7 28. Nh4 Qxh4 0-1

[Event "4NCL Division 3 South"]
[Site "Maidenhead, ENG"]
[Date "2022.02.13"]
[Round "4.154"]
[White "Tarigopula, Varish"]
[Black "Patel, Ananya"]
[Result "1-0"]
[WhiteElo "1389"]
[BlackElo "1060"]
[PlyCount "79"]
[EventDate "2022.02.13"]
[WhiteTeam "Uxbridge"]
[BlackTeam "Watford B"]

1. e4 c6 2. d4 d5 3. Nc3 dxe4 4. Nxe4 Nf6 5. Nxf6+ exf6 6. Nf3 Bg4 7. Be2 Bd6
8. O-O O-O 9. h3 Bxf3 10. Bxf3 Re8 11. Qd3 Nd7 12. Bd2 Nf8 13. Rfe1 Qd7 14. Be4
Ng6 15. c4 Rad8 16. Bf5 Qc7 17. Rxe8+ Rxe8 18. c5 Bf4 19. Bxg6 fxg6 20. Qc4+
Kh8 21. Bxf4 Qxf4 22. Qf7 Qe4 23. Qxb7 Qxd4 24. Qxc6 Qe5 25. Rc1 Rd8 26. Qf3
Qxb2 27. Qe3 Qxa2 28. c6 Rc8 29. c7 h6 30. h4 Qa5 31. Qg3 g5 32. h5 f5 33. Qd6
a6 34. Qd7 Rxc7 35. Rxc7 Qe1+ 36. Kh2 Qe5+ 37. g3 f4 38. Rc8+ Kh7 39. Qd3+ g6
40. Qxg6# 1-0

[Event "4NCL Division 3 South"]
[Site "Maidenhead, ENG"]
[Date "2022.02.13"]
[Round "4.155"]
[White "Patel, Aashna"]
[Black "Jebananthan, Jeshan"]
[Result "1-0"]
[WhiteElo "982"]
[BlackElo "1091"]
[PlyCount "57"]
[EventDate "2022.02.13"]
[WhiteTeam "Watford B"]
[BlackTeam "Uxbridge"]

1. e4 e5 2. Nf3 Nc6 3. Bc4 Bc5 4. c3 Nf6 5. d4 exd4 6. cxd4 Bb4+ 7. Nc3 Nxe4 8.
O-O Nxc3 9. bxc3 Bxc3 10. Qb3 Bxa1 11. Bxf7+ Kf8 12. Bg5 Qe7 13. Bxe7+ Nxe7 14.
Rxa1 d5 15. Bxd5 Nxd5 16. Qxd5 c6 17. Qd8+ Kf7 18. Ne5+ Ke6 19. Qxh8 b6 20.
Qe8+ Kd6 21. Qf8+ Ke6 22. Qe8+ Kf6 23. Re1 Kf5 24. Qf8+ Kg5 25. Nf3+ Kg6 26.
Qd6+ Kf5 27. Re5+ Kf4 28. Qf8+ Kg4 29. Rg5# 1-0

[Event "4NCL Division 3 South"]
[Site "Maidenhead, ENG"]
[Date "2022.02.13"]
[Round "4.156"]
[White "Boby, Shawn"]
[Black "Dasgupta, Biplab"]
[Result "1-0"]
[WhiteElo "1098"]
[BlackElo "999"]
[PlyCount "77"]
[EventDate "2022.02.13"]
[WhiteTeam "Uxbridge"]
[BlackTeam "Watford B"]

1. d4 Nf6 2. Nd2 d5 3. c4 e6 4. e3 Nc6 5. a3 b6 6. b4 Be7 7. Ngf3 h6 8. h3 O-O
9. Bd3 a6 10. O-O Bd7 11. c5 bxc5 12. dxc5 e5 13. e4 d4 14. Nc4 Be6 15. Ncxe5
Nxe5 16. Nxe5 Bd7 17. Bb2 a5 18. Bxd4 axb4 19. axb4 c6 20. Nc4 Qb8 21. Rxa8
Qxa8 22. Qa1 Qxa1 23. Rxa1 Nh5 24. Be5 f6 25. Bg3 Nxg3 26. fxg3 Rb8 27. Ra7 Rd8
28. Nb6 Be6 29. Rxe7 Rxd3 30. Rxe6 Rd1+ 31. Kf2 Rb1 32. Rxc6 Rxb4 33. Kf3 Rb3+
34. Kf4 Rb2 35. Rc8+ Kf7 36. Nd5 Rf2+ 37. Kg4 g6 38. Rc7+ Ke6 39. Re7# 1-0

[Event "4NCL Division 3 South"]
[Site "Maidenhead, ENG"]
[Date "2022.02.13"]
[Round "4.161"]
[White "Kovacs, Zoltan"]
[Black "Tutty, Wayne"]
[Result "1-0"]
[WhiteElo "2069"]
[BlackElo "1683"]
[PlyCount "70"]
[EventDate "2022.02.13"]
[WhiteTeam "Hackney Returns"]
[BlackTeam "War and Piece B"]

1. e4 c5 2. c3 Nc6 3. d4 cxd4 4. cxd4 e6 5. Nf3 Bb4+ 6. Nc3 Nf6 7. Bd3 d5 8. e5
Ne4 9. O-O Nxc3 10. bxc3 Bxc3 11. Rb1 Qa5 12. Rb5 Qxa2 13. Bb1 Qc4 14. Rc5 Qb4
15. Be3 Bd7 16. Qd3 Bb2 17. Rb5 Qc3 18. Qe2 Ba3 19. Rxb7 Rb8 20. Qa6 Rxb7 21.
Qxb7 Qb4 22. Qa6 Qa5 23. Qe2 Ke7 24. Ng5 Nd8 25. Nxh7 Bb5 26. Bd3 Bxd3 27. Qxd3
Bb4 28. Rc1 Qb6 29. f4 Kd7 30. f5 a5 31. fxe6+ Nxe6 32. Rf1 Nd8 33. Ng5 Qh6 34.
h3 Qh5 35. Qb5+ Ke7 1-0

[Event "4NCL Division 3 South"]
[Site "Maidenhead, ENG"]
[Date "2022.02.13"]
[Round "4.162"]
[White "Mubiru, Richard"]
[Black "Balloglu, Piro"]
[Result "0-1"]
[WhiteElo "1640"]
[BlackElo "2064"]
[PlyCount "70"]
[EventDate "2022.02.13"]
[WhiteTeam "War and Piece B"]
[BlackTeam "Hackney Returns"]

1. e4 e5 2. Nf3 Nc6 3. Bb5 Nf6 4. d3 Bc5 5. h3 a6 6. Bxc6 dxc6 7. Nxe5 Qd4 8.
O-O Qxe5 9. c3 Bb6 10. Re1 Be6 11. Qf3 O-O-O 12. d4 Qh5 13. Qf4 h6 14. Be3 Qg6
15. Nd2 Bxh3 16. g3 Bg4 17. f3 Bd7 18. Qh4 Rhe8 19. a4 Nh5 20. Kf2 Nf6 21. Rg1
Ng8 22. a5 Ba7 23. Rgd1 f5 24. e5 Ne7 25. c4 Be6 26. Rg1 Qf7 27. Rgc1 Ng6 28.
Qh1 Bxd4 29. Bxd4 Rxd4 30. Ke3 Red8 31. Rc3 f4+ 32. gxf4 Qxf4+ 33. Ke2 Rxd2+
34. Ke1 Qxe5+ 35. Kf1 Qe2+ 0-1

[Event "4NCL Division 3 South"]
[Site "Maidenhead, ENG"]
[Date "2022.02.13"]
[Round "4.163"]
[White "Robinson, Adam"]
[Black "Charles, Steven R"]
[Result "1/2-1/2"]
[WhiteElo "1993"]
[BlackElo "1600"]
[PlyCount "81"]
[EventDate "2022.02.13"]
[WhiteTeam "Hackney Returns"]
[BlackTeam "War and Piece B"]

1. e4 c6 2. c4 e5 3. Nf3 f6 4. Nc3 Bb4 5. Be2 Bxc3 6. bxc3 Ne7 7. d4 d6 8. h4
b6 9. h5 h6 10. Nh4 c5 11. Bg4 Nbc6 12. d5 Na5 13. Rh3 Bd7 14. Rg3 Rg8 15. Be2
Qc7 16. f4 Nb7 17. Rb1 O-O-O 18. f5 Na5 19. Nf3 Kb8 20. Nd2 Ka8 21. Nb3 Ba4 22.
Qd2 Nb7 23. Qb2 Bd7 24. Be3 Rb8 25. Ra1 Be8 26. a4 a5 27. Nd2 Nc8 28. Bxh6 Nd8
29. Be3 Qf7 30. Kf2 Rh8 31. Qc1 Qf8 32. Qh1 Nf7 33. Qh3 Rb7 34. Nf3 Nh6 35.
Bxh6 Rxh6 36. Nh4 Bxh5 37. Bxh5 Rxh5 38. Qg4 Rg5 39. Qf3 Rxg3 40. Qxg3 Ne7 41.
Qh3 1/2-1/2

[Event "4NCL Division 3 South"]
[Site "Maidenhead, ENG"]
[Date "2022.02.13"]
[Round "4.164"]
[White "Duesbury, Brad"]
[Black "Levy, Christopher A"]
[Result "0-1"]
[WhiteElo "1650"]
[BlackElo "1872"]
[PlyCount "70"]
[EventDate "2022.02.13"]
[WhiteTeam "War and Piece B"]
[BlackTeam "Hackney Returns"]

1. e4 c5 2. Nf3 Nc6 3. d4 cxd4 4. Nxd4 Nf6 5. Nc3 e5 6. Nxc6 bxc6 7. a3 Be7 8.
Bc4 Bb7 9. O-O O-O 10. Bg5 Qc7 11. Bxf6 Bxf6 12. Qg4 Rad8 13. Rad1 d6 14. Rfe1
Qe7 15. Ne2 d5 16. Bd3 Bc8 17. Qf3 Be6 18. Ng3 g6 19. h3 Bg7 20. b4 Rc8 21. Rc1
Rfd8 22. c4 d4 23. c5 Rc7 24. Rc2 Rcd7 25. b5 cxb5 26. c6 Rc7 27. Bxb5 Qd6 28.
Rd1 a6 29. Bxa6 Rxc6 30. Rxc6 Qxc6 31. Qd3 Rb8 32. Ne2 Rb3 33. Rc1 Qb6 34. Qc2
Qxa6 35. Qxb3 Bxb3 0-1

[Event "4NCL Division 3 South"]
[Site "Maidenhead, ENG"]
[Date "2022.02.13"]
[Round "4.165"]
[White "Saunois, Anthony"]
[Black "Thomas, Jacob"]
[Result "0-1"]
[WhiteElo "1365"]
[BlackElo "1526"]
[PlyCount "79"]
[EventDate "2022.02.13"]
[WhiteTeam "Hackney Returns"]
[BlackTeam "War and Piece B"]

1. d4 Nf6 2. c4 g6 3. Nc3 Bg7 4. e4 d6 5. h3 O-O 6. Nf3 e5 7. g4 exd4 8. Nxd4
c5 9. Ndb5 Ne8 10. Bf4 Nc6 11. Nxd6 Nxd6 12. Bxd6 Re8 13. Bxc5 Bxc3+ 14. bxc3
Rxe4+ 15. Be2 Qh4 16. Qd3 Re8 17. O-O-O Be6 18. f4 Na5 19. Qd4 Rad8 20. Qf2
Rxd1+ 21. Rxd1 Qxh3 22. Rd3 Qh1+ 23. Qg1 Qxg1+ 24. Bxg1 Bxc4 25. Rd2 Bxe2 26.
Bxa7 Bxg4 27. Bb6 Nc4 28. Rd8 Rxd8 29. Bxd8 Be6 30. a4 Kf8 31. Kc2 Ke8 32. Bf6
h5 33. Bh4 Kd7 34. Kd3 Nb2+ 35. Kd4 Nxa4 36. c4 Kc6 37. Bf6 Nb6 38. c5 Nd5 39.
Be5 h4 40. Kd3 0-1

[Event "4NCL Division 3 South"]
[Site "Maidenhead, ENG"]
[Date "2022.02.13"]
[Round "4.166"]
[White "Blair, Jimmy"]
[Black "Ellis, Bryan Timothy"]
[Result "1-0"]
[WhiteElo "1442"]
[BlackElo "1249"]
[PlyCount "41"]
[EventDate "2022.02.13"]
[WhiteTeam "War and Piece B"]
[BlackTeam "Hackney Returns"]

1. e4 e6 2. e5 d6 3. Nf3 dxe5 4. Nxe5 Nd7 5. Nf3 Ngf6 6. Nc3 b6 7. Bb5 Bd6 8.
d4 a6 9. Bc6 Rb8 10. Bg5 O-O 11. Qd2 Be7 12. O-O-O Bb7 13. Bxb7 Rxb7 14. h4 h6
15. Bxf6 Nxf6 16. Ne5 Bb4 17. Nc6 Qd7 18. a3 Bxc3 19. Qxc3 Qd6 20. Qf3 Qd5 21.
Ne7+ 1-0

[Event "4NCL Division 3 South"]
[Site "Milton Keynes, ENG"]
[Date "2022.03.26"]
[Round "5.11"]
[White "Atako, Chino C"]
[Black "Chan, Kim Yew"]
[Result "0-1"]
[WhiteElo "2031"]
[BlackElo "2310"]
[PlyCount "68"]
[EventDate "2022.03.26"]
[WhiteTeam "Cambridge University 2"]
[BlackTeam "SchachAttack"]

1. e4 c5 2. Nf3 e6 3. d4 cxd4 4. Nxd4 Nc6 5. Nc3 Qc7 6. Be3 a6 7. g4 h6 8. h4
Nf6 9. Nxc6 bxc6 10. Qf3 d5 11. g5 hxg5 12. Bxg5 Be7 13. O-O-O Bb7 14. Rg1
O-O-O 15. e5 Qxe5 16. Bf4 Qh5 17. Qe3 d4 18. Rxd4 Bc5 19. Rxd8+ Rxd8 20. Qe5
Bd6 21. Qe3 Bc5 22. Qg3 Ne4 23. Qxg7 Nxc3 24. Bd3 Rxd3 25. cxd3 Ne2+ 26. Kb1
Nxg1 27. Qxg1 Qg6 28. Qd1 Qf5 29. Qd2 Bd4 30. Bg3 c5 31. Kc2 c4 32. Kc1 cxd3
33. Kb1 e5 34. a3 Qf3 0-1

[Event "4NCL Division 3 South"]
[Site "Milton Keynes, ENG"]
[Date "2022.03.26"]
[Round "5.12"]
[White "Robson, Ian A"]
[Black "Manmay Chopra"]
[Result "1-0"]
[WhiteElo "2071"]
[BlackElo "1960"]
[PlyCount "134"]
[EventDate "2022.03.26"]
[WhiteTeam "SchachAttack"]
[BlackTeam "Cambridge University 2"]

1. e4 e5 2. Nf3 Nc6 3. d4 exd4 4. Nxd4 Qf6 5. Be3 Bc5 6. c3 Nge7 7. Bc4 d6 8.
O-O Ne5 9. Be2 Qg6 10. f3 O-O 11. Nd2 Bb6 12. a4 a5 13. Nc4 Nxc4 14. Bxc4 Nc6
15. Nc2 Bxe3+ 16. Nxe3 Be6 17. Kh1 Bxc4 18. Nxc4 Qe6 19. Ne3 Ne7 20. Re1 Rfd8
21. Qc2 d5 22. exd5 Nxd5 23. Nf5 Qf6 24. Rad1 Re8 25. Re4 c6 26. Rde1 Rxe4 27.
Qxe4 Nc7 28. Qe7 Qxe7 29. Rxe7 Re8 30. Kg1 Rxe7 31. Nxe7+ Kf8 32. Nc8 b5 33.
Na7 bxa4 34. Nxc6 a3 35. bxa3 a4 36. c4 Ke8 37. Ne5 Ke7 38. Kf2 Kd6 39. Nd3 Ne6
40. Ke3 f5 41. Kd2 g5 42. Kc3 f4 43. Kb4 Nd4 44. Kxa4 Nc2 45. Kb3 Ne3 46. Kc3
Nxg2 47. Kd4 Ne3 48. c5+ Kc7 49. Ne5 h5 50. Ke4 Nf1 51. Kf5 g4 52. fxg4 hxg4
53. Nxg4 f3 54. h4 Ng3+ 55. Kf4 Nh5+ 56. Kxf3 Kc6 57. Ne3 Kxc5 58. Kg4 Nf6+ 59.
Kf5 Nh5 60. Kg5 Ng7 61. h5 Nxh5 62. Kxh5 Kb5 63. Nc2 Kc4 64. Kg5 Kc5 65. Kf5
Kd5 66. Kf4 Kc4 67. Ke5 Kc5 1-0

[Event "4NCL Division 3 South"]
[Site "Milton Keynes, ENG"]
[Date "2022.03.26"]
[Round "5.13"]
[White "Walkusz, Miroslaw"]
[Black "Simmons, Matthew"]
[Result "1/2-1/2"]
[WhiteElo "1939"]
[BlackElo "2078"]
[PlyCount "25"]
[EventDate "2022.03.26"]
[WhiteTeam "Cambridge University 2"]
[BlackTeam "SchachAttack"]

1. d4 Nf6 2. c4 c5 3. d5 e5 4. Nc3 d6 5. e4 Be7 6. h3 a6 7. Bd3 Nbd7 8. Nge2 h5
9. a4 h4 10. Be3 Nh5 11. Qd2 Rb8 12. O-O-O Qa5 13. b3 1/2-1/2